000 00513nam a2200145Ia 4500
008 220216s9999 xx 000 0 und d
100 _aLiyanage A de S
245 0 _aCrop-weather calendar for rubber
260 _bProceedings of the International Rubber Conference, Colombo, 1984, V1. Part 1; p19-46Proceedings of the International Rubber Conference, Colombo, 1984, V1. Part 1; p354-366
650 _aCrop-weather calendar
650 _aRubber
700 _aGibb A
700 _aWeerasinghe A R
942 _cJS
999 _c56558
_d56558